Statistics for Red Hot Chili Peppers Unlimited Love Tracklist

Click here to take the quiz!

General Stats

  • This quiz has been taken 54 times
  • The average score is 12 of 17

Answer Stats

HintAnswer% Correct
1Black Summer
100%
5Poster Child
82%
14Veronica
82%
8Shes a Lover
79%
16The Heavy Wing
76%
9These Are the Ways
76%
3Aquatic Mouthdance
74%
17Tangelo
74%
2Here Ever After
71%
4Not the One
68%
6The Great Apes
68%
11Bastards of Light
65%
13One Way Traffic
65%
7Its Only Natural
62%
15Let em Cry
62%
12White Braids & Pillow Chair
62%
10Whatchu Thinkin
56%

Score Distribution

Percentile by Number Answered

Percent of People with Each Score

Your Score History

You have not taken this quiz